| 000 | 04528cam a2200385 i 4500 | ||
|---|---|---|---|
| 001 | 22894685 | ||
| 003 | ARRUPE | ||
| 005 | 20250403090437.0 | ||
| 008 | 221207s2023 mdua b 001 0 eng | ||
| 010 | _a 2022031479 | ||
| 020 |
_a9781421446240 _q(hardcover) |
||
| 020 |
_a9781421446257 _q(paperback) |
||
| 020 |
_z9781421446264 _q(ebook) |
||
| 040 |
_aAJU _beng _erda _cAJU _dAJU |
||
| 042 | _apcc | ||
| 050 | 0 | 0 |
_aRC521 _b.C55 2023 |
| 082 | 0 | 0 |
_a616.8/31 _223/eng/20221214 |
| 084 |
_aHEA039140 _aMED032000 _2bisacsh |
||
| 100 | 1 |
_aClionsky, Emily, _d1952- _eauthor. _952879 |
|
| 245 | 1 | 0 |
_aDementia prevention : _busing your head to save your brain / _cEmily Clionsky, MD, Mitchell Clionsky, PhD. |
| 260 |
_aBaltimore _bJohns Hopkins University Press _cc2023 |
||
| 300 |
_aviii, 261 pages : _billustrations ; _c23 cm. |
||
| 490 | 0 | _aA Johns Hopkins Press health book | |
| 504 | _aIncludes bibliographical references (pages 217-250) and index. | ||
| 505 | 0 | _aMachine generated contents note: Introduction: An Ounce of Prevention -- Section 1: Nature and Origin of Dementia -- 1. What is Dementia? -- 2. Normal Cognitive Aging -- Section 2: Dementia Risk Model -- 3. Genetics and Early Life Factors -- 4. Midlife Medical Conditions Impacting Dementia Risk -- 5. Lifestyle Factors of Smoking, Diet and Exercise -- 6. Breathing, Sleeping, Breathing While Sleeping -- 7. Metabolic and Vitamin Deficiencies -- 8. Alcohol, Drugs, and Medications -- 9. Sensory and Emotional Factors That Amplify Dementia Risk -- 10. Putting It All Together in an Interactive Dementia Risk Model -- Section 3: Where Do You Stand and What You Can Do About It -- 11. Take the Test: Your Dementia Prevention Checklist -- 12. Everybody Wants to Feel Better, But Nobody Wants to Change -- 13. Use Your Brain to Save Your Brain -- 14. Applying the Change Formula to Your Life -- Epilogue -- Bibliography -- Index. | |
| 520 | _a"Severe memory loss and dementia are not inevitable parts of aging. Science now shows that you can make changes, no matter your age, to protect your brain. Join the authors as they guide you through a science-based tour of dementia, including how your brain works and how its function is affected by everything from blood circulation and blood pressure to sugar levels, medications, vision, and hearing"-- | ||
| 520 | _a"Worried about memory loss and dementia risk? This new book will show you easy-to-follow steps to keep your brain healthy.Emily Clionsky, MD, and Mitchell Clionsky, PhD, are a physician and neuropsychologist couple who have cared for their own parents with dementia, created a test used by doctors to measure cognitive function, and treated more than 25,000 patients with cognitive impairment. In Dementia Prevention, they combine the most current scientific findings about Alzheimer's disease and other dementias with their experience to present a practical guide that empowers you to improve your brain's future. This book skips the fads, the unsupported claims of advertised products, and fringe theories. Instead, the authors guide you through a science-based tour of dementia, including how your brain works and how its function is affected by everything from blood circulation and blood pressure to sugar levels, medications, vision, and hearing. You will learn how your activity level, weight, habits, mental outlook, and social engagement may affect your likelihood of developing dementia. Dementia Prevention provides a dementia risk checklist to better understand your personal risk profile to help you on your journey. The authors' training and experience as behavioral scientists will help you set better goals, identify roadblocks to success, and overcome these obstacles. Forgetfulness and confusion are not an inevitable part of growing older-you can make changes to keep your brain working well into your 70s and beyond. From how you breathe while you sleep to what you do socially and physically every day, Dementia Prevention will give you practical-and sometimes surprising-methods for you to protect your brain"-- | ||
| 650 | 0 |
_aDementia _xPrevention _vPopular works. _952880 |
|
| 650 | 7 |
_aHEALTH & FITNESS / Diseases & Conditions / Alzheimer's & Dementia _2bisacsh _952881 |
|
| 650 | 7 |
_aMEDICAL / Geriatrics _2bisacsh _952882 |
|
| 700 | 1 |
_aClionsky, Mitchell, _d1950- _eauthor. _952883 |
|
| 906 |
_a7 _bcbc _corignew _d1 _eecip _f20 _gy-gencatlg |
||
| 942 |
_2lcc _cMONOGRAPH |
||
| 999 |
_c131955 _d131955 |
||